000 00606nam a2200193Ia 4500
003 IN-BaIIA
008 211028s9999 xx 000 0 eng d
020 _a978-0-7506-7161-3
040 _cIIA Library
080 _a621.391(035)
_bCAR
100 _aCarr, Joseph J
_930761
245 0 _aPractical radio frequency test and measurement
_ba technician's handbook
_cJoseph J. Carr
260 _aAmsterdam
_bNewnes
_c2009
300 _aix, 348p.
650 _aMeasuring frequency-Handbooks
_935539
650 _aMeasuring inductors-Handbooks
_935540
650 _aRado frequency-Handbooks
_935541
942 _cBK
999 _c18500
_d18500